[Event "COL-chT Blitz"]
[Site "Santander"]
[Date "2022.09.10"]
[Round "3.2"]
[White "Otalora Pacheco, Carlos Eduardo"]
[Black "Morales Guerrero, Andres Felipe"]
[Result "1-0"]
[WhiteElo "2123"]
[BlackElo "1774"]
[PlyCount "61"]
[EventDate "2022.09.10"]
[EventType "team-swiss (blitz)"]
[EventRounds "9"]
[EventCountry "COL"]
[SourceTitle "EXT 2023"]
[Source "ChessBase"]
[SourceDate "2022.10.05"]
[SourceVersion "1"]
[SourceVersionDate "2022.10.05"]
[SourceQuality "1"]
[WhiteTeam "Boyaca"]
[BlackTeam "Santander Almo"]
[WhiteTeamCountry "COL"]
[BlackTeamCountry "COL"]

1. d4 d5 2. c4 Nf6 3. Nf3 e6 4. g3 Nbd7 5. Bg2 Be7 6. 0-0 0-0 7. Qc2 b6 8. cxd5 Nxd5 9. Nc3 Bb7 10. e4 Nxc3 11. bxc3 c5 12. Rd1 cxd4 13. cxd4 Rc8 14. Qe2 Nf6 15. Ne5 Qe8 16. a4 Nd7 17. Nxd7 Qxd7 18. Be3 Rc7 19. a5 Rfc8 20. axb6 axb6 21. Ra7 h6 22. d5 exd5 23. exd5 Rc2 24. Qh5 Bc5 25. Bh3 g6 26. Qxh6 f5 27. Qxg6+ Qg7 28. Qxg7+ Kxg7 29. Rxb7+ Kf6 30. Bxc5 R8xc5 31. Rxb6+ 1-0

[Event "COL-chT Blitz"]
[Site "Santander"]
[Date "2022.09.10"]
[Round "1.2"]
[White "Tovio, Israel"]
[Black "Morales Guerrero, Andres Felipe"]
[Result "1-0"]
[WhiteElo "2215"]
[BlackElo "1774"]
[PlyCount "49"]
[EventDate "2022.09.10"]
[EventType "team-swiss (blitz)"]
[EventRounds "9"]
[EventCountry "COL"]
[SourceTitle "EXT 2023"]
[Source "ChessBase"]
[SourceDate "2022.10.05"]
[SourceVersion "1"]
[SourceVersionDate "2022.10.05"]
[SourceQuality "1"]
[WhiteTeam "Bolivar"]
[BlackTeam "Santander Almo"]
[WhiteTeamCountry "COL"]
[BlackTeamCountry "COL"]

1. e4 c5 2. Nf3 e6 3. d3 Nc6 4. g3 Qc7 5. Bg2 Nf6 6. 0-0 Be7 7. Re1 d6 8. c3 Bd7 9. d4 cxd4 10. cxd4 d5 11. e5 Ng8 12. Nc3 a6 13. Bg5 f6 14. exf6 gxf6 15. Bf4 Qb6 16. Nh4 0-0-0 17. Nf3 f5 18. Na4 Qa7 19. Rc1 Nf6 20. Qb3 b5 21. Ne5 Qb7 22. Nc5 Bxc5 23. Rxc5 Ne4 24. Bxe4 fxe4 25. Rec1 1-0

[Event "Santander Departamental-ch"]
[Site "Santander"]
[Date "2018.12.28"]
[Round "3"]
[White "Cupaban Bautista, Sergio Alejandro"]
[Black "Morales Guerrero, Andres Felipe"]
[Result "0-1"]
[WhiteElo "1917"]
[BlackElo "1758"]
[PlyCount "32"]
[EventDate "2018.12.27"]
[EventType "swiss"]
[EventRounds "7"]
[EventCountry "COL"]
[SourceTitle "EXT 2020"]
[Source "ChessBase"]
[SourceDate "2019.10.17"]
[SourceVersion "1"]
[SourceVersionDate "2019.10.17"]
[SourceQuality "1"]

1. e4 c5 2. Nc3 e6 3. Bc4 a6 4. a4 Nc6 5. f4 d6 6. Nf3 Qc7 7. d3 Nf6 8. 0-0 Be7 9. Kh1 h5 10. f5 Ng4 11. fxe6 Bxe6 12. Bxe6 fxe6 13. Ng5 Kd7 14. Rf7 Raf8 15. Rxf8 Rxf8 16. Nh3 Rf2 0-1

[Event "Uni De Paula Santander op 3rd"]
[Site "Ocana"]
[Date "2017.09.30"]
[Round "4"]
[White "Tarazona Pita, Duvan Alfonso"]
[Black "Morales Guerrero, Andres Felipe"]
[Result "0-1"]
[WhiteElo "1729"]
[BlackElo "1640"]
[PlyCount "90"]
[EventDate "2017.09.29"]
[EventType "swiss"]
[EventRounds "7"]
[EventCountry "COL"]
[SourceTitle "CBM 181 Extra"]
[Source "ChessBase"]
[SourceDate "2017.12.12"]
[SourceVersion "1"]
[SourceVersionDate "2017.12.12"]
[SourceQuality "1"]

1. d4 d5 2. c4 Nf6 3. cxd5 Qxd5 4. Nc3 Qd8 5. Nf3 e6 6. a3 b6 7. e4 Bb7 8. Bd3 c5 9. dxc5 Bxc5 10. 0-0 Nc6 11. b4 Bd4 12. Nxd4 Qxd4 13. Bb2 0-0 14. Qe2 Qd8 15. Rad1 Qe7 16. e5 Nd7 17. Bxh7+ Kxh7 18. Qh5+ Kg8 19. Rd3 Ncxe5 20. Rh3 f5 21. Ne2 Nf6 22. Qh4 Ng6 23. Qg5 Qf7 24. Rg3 Ne7 25. Nf4 Bd5 26. Re1 Rac8 27. h4 Rc2 28. Ba1 Rc4 29. h5 Rxf4 30. Bxf6 Qxf6 31. Qxf4 Kh8 32. Qc7 Ra8 33. Rh3 Ng8 34. a4 Nh6 35. f3 Qd4+ 36. Kh2 Qf2 37. Rg3 Rg8 38. Rc1 Qd4 39. Rg6 Qh4+ 40. Kg1 Qxh5 41. Rg3 Qh4 42. Qe5 Qxb4 43. Rg6 Kh7 44. Rc8 Kxg6 45. Rxg8 Nxg8 0-1

[Event "Uni De Paula Santander op 3rd"]
[Site "Ocana"]
[Date "2017.09.29"]
[Round "1"]
[White "Ojeda, Jesus David"]
[Black "Morales Guerrero, Andres Felipe"]
[Result "1-0"]
[WhiteElo "2100"]
[BlackElo "1640"]
[PlyCount "91"]
[EventDate "2017.09.29"]
[EventType "swiss"]
[EventRounds "7"]
[EventCountry "COL"]
[SourceTitle "CBM 181 Extra"]
[Source "ChessBase"]
[SourceDate "2017.12.12"]
[SourceVersion "1"]
[SourceVersionDate "2017.12.12"]
[SourceQuality "1"]

1. e4 c5 2. Nf3 e6 3. d4 cxd4 4. Nxd4 Nc6 5. Nc3 a6 6. Nb3 Qc7 7. Be2 Nf6 8. 0-0 Bb4 9. f3 b5 10. a4 bxa4 11. Rxa4 Be7 12. Be3 Nb4 13. Nb5 Qb8 14. N5d4 Bb7 15. Qd2 Bc6 16. Nxc6 Nxc6 17. Bxa6 0-0 18. Qe2 d5 19. Bb5 Rc8 20. Ba6 Nb4 21. Rxb4 Qxb4 22. Bxc8 Rxc8 23. e5 Nd7 24. Bd4 Rc4 25. Bc3 Qb8 26. Kh1 Rf4 27. Nd4 Bc5 28. Qd2 Rh4 29. f4 Qb6 30. b4 Bf8 31. Ra1 g6 32. g3 Rh5 33. Qd3 Qb7 34. Qa6 Qc7 35. Qc6 Qd8 36. Ra8 Qe7 37. Ra7 Nxe5 38. Rxe7 Nxc6 39. Nxc6 Bxe7 40. Nxe7+ Kf8 41. Nc6 Ke8 42. Kg2 g5 43. g4 Rh6 44. fxg5 Rg6 45. Bf6 Rg8 46. Ne5 1-0

[Event "Santander UDI Cup"]
[Site "Santander"]
[Date "2013.06.02"]
[Round "5"]
[White "Nieto, Manuel Valerio Wald"]
[Black "Morales Guerrero, Andres Felipe"]
[Result "1-0"]
[WhiteElo "1975"]
[BlackElo "1701"]
[PlyCount "39"]
[EventDate "2013.05.31"]
[EventType "swiss"]
[EventRounds "8"]
[EventCountry "COL"]
[SourceTitle "CBM 154 Extra"]
[Source "ChessBase"]
[SourceDate "2013.06.25"]
[SourceVersion "2"]
[SourceVersionDate "2013.06.25"]
[SourceQuality "1"]

1. Nf3 d5 2. g3 Nc6 3. d4 Bf5 4. Bg2 e6 5. 0-0 Qd7 6. c3 Bd6 7. Re1 0-0-0 8. Nbd2 h6 9. e4 dxe4 10. Nxe4 Bxe4 11. Rxe4 f5 12. Re2 Nf6 13. Qb3 Rde8 14. Be3 a6 15. Rd1 g5 16. Ne5 Bxe5 17. dxe5 Na5 18. Rxd7 Nxb3 19. Rf7 Nd5 20. axb3 1-0

[Event "Santander UDI Cup"]
[Site "Santander"]
[Date "2013.06.01"]
[Round "4"]
[White "Morales Guerrero, Andres Felipe"]
[Black "Rico Hernandez, Edgar"]
[Result "1/2-1/2"]
[WhiteElo "1701"]
[BlackElo "1887"]
[PlyCount "108"]
[EventDate "2013.05.31"]
[EventType "swiss"]
[EventRounds "8"]
[EventCountry "COL"]
[SourceTitle "CBM 154 Extra"]
[Source "ChessBase"]
[SourceDate "2013.06.25"]
[SourceVersion "2"]
[SourceVersionDate "2013.06.25"]
[SourceQuality "1"]

1. e4 d6 2. d4 Nf6 3. Nc3 g6 4. Bg5 Bg7 5. Nf3 h6 6. Bh4 0-0 7. Qd2 Nfd7 8. Bc4 c5 9. Nd5 Nf6 10. Bxf6 exf6 11. 0-0 Bg4 12. Nh4 Be6 13. Rfe1 cxd4 14. Qxd4 Nc6 15. Qd2 Re8 16. g3 Ne5 17. Bb3 g5 18. f4 gxh4 19. fxe5 fxe5 20. gxh4 Kh7 21. Qf2 Rg8 22. Kh1 Qd7 23. Rg1 Bh8 24. Raf1 b6 25. c3 Rxg1+ 26. Rxg1 Rg8 27. Rg3 Rg6 28. Bd1 Qd8 29. Bh5 Rxg3 30. hxg3 Qd7 31. Qf3 Bg7 32. g4 Kg8 33. a3 Qd8 34. Qf2 Qd7 35. Qf3 Qd8 36. Qf2 Qd7 37. g5 hxg5 38. hxg5 Qd8 39. Nf6+ Kf8 40. Qh4 Ke7 41. Be2 Qh8 42. Nh5 Kd7 43. Kg2 Kc7 44. Qg3 Qh7 45. Qh4 Qg6 46. Nxg7 Qxg7 47. Qh6 Qg6 48. Qxg6 fxg6 49. Kg3 Kc6 50. b4 b5 51. Bd1 a6 52. a4 Kb6 53. axb5 axb5 54. Kh4 Kc6 1/2-1/2

[Event "Santander SUB 1800"]
[Site "Santander"]
[Date "2013.05.25"]
[Round "4.11"]
[White "Rincon Fadul, Jorge Alberto"]
[Black "Morales Guerrero, Andres Felipe"]
[Result "0-1"]
[WhiteElo "1563"]
[BlackElo "1679"]
[PlyCount "78"]
[EventDate "2013.05.18"]
[EventType "swiss"]
[EventRounds "7"]
[EventCountry "COL"]
[SourceTitle "EXT 2024"]
[Source "ChessBase"]
[SourceDate "2023.10.10"]
[SourceVersion "1"]
[SourceVersionDate "2023.10.10"]
[SourceQuality "1"]

1. e4 e5 2. Nf3 d6 3. d4 Bg4 4. Be2 Nc6 5. d5 Nce7 6. Nc3 a6 7. a4 Nf6 8. Be3 c6 9. Qd3 cxd5 10. Nxd5 Nexd5 11. exd5 e4 12. Qb3 exf3 13. gxf3 Bc8 14. 0-0 Be7 15. Kh1 Qd7 16. Rg1 g6 17. Bh6 Qh3 18. Bg7 Rg8 19. Bxf6 Bxf6 20. Rae1 Kf8 21. Rg3 Qh4 22. Bf1 Be5 23. Rxe5 dxe5 24. d6 Qd4 25. Qa3 Kg7 26. Kg2 Bd7 27. c4 Rac8 28. b3 Rc6 29. Qc1 Rxd6 30. f4 exf4 31. Rd3 Bc6+ 32. f3 Qf6 33. Qc3 Rxd3 34. Qxf6+ Kxf6 35. Bxd3 Rd8 36. Be4 Bxe4 37. fxe4 Ke5 38. b4 Kxe4 39. h4 Rd4 0-1

[Event "Santander SUB 1800"]
[Site "Santander"]
[Date "2013.05.19"]
[Round "2.7"]
[White "Lizcano, Jair"]
[Black "Morales Guerrero, Andres Felipe"]
[Result "1-0"]
[WhiteElo "1600"]
[BlackElo "1679"]
[PlyCount "105"]
[EventDate "2013.05.18"]
[EventType "swiss"]
[EventRounds "7"]
[EventCountry "COL"]
[SourceTitle "EXT 2024"]
[Source "ChessBase"]
[SourceDate "2023.10.10"]
[SourceVersion "1"]
[SourceVersionDate "2023.10.10"]
[SourceQuality "1"]

1. c4 e6 2. b3 Nc6 3. Bb2 Nf6 4. Nf3 b6 5. d4 Bb4+ 6. Nbd2 d5 7. e3 Ne4 8. Qc2 Qf6 9. Bc1 Bc3 10. cxd5 exd5 11. Bb5 Bd7 12. Bxc6 Qxc6 13. Ne5 Bxd2+ 14. Qxd2 Nxd2 15. Nxc6 Nxb3 16. axb3 Bxc6 17. Ba3 Bb5 18. Kd2 Kd7 19. f3 Rhe8 20. g4 Re6 21. Rae1 Rc8 22. h4 c5 23. dxc5 bxc5 24. Bb2 g6 25. h5 Kc6 26. hxg6 hxg6 27. Rh7 Re7 28. Rc1 Kb6 29. b4 a5 30. bxc5+ Rxc5 31. Bd4 Bc4 32. Ra1 Ra7 33. Rh8 Kb5 34. Rb8+ Kc6 35. Rc8+ Kd7 36. Rxc5 a4 37. e4 Ke6 38. exd5+ Bxd5 39. Rxd5 Ra8 40. Rb5 a3 41. Ra2 Ra4 42. Kc3 Kd7 43. Rb7+ Ke6 44. Ra7 Rxa7 45. Bxa7 f5 46. Re2+ Kd5 47. gxf5 gxf5 48. f4 a2 49. Kb2 Kc4 50. Kxa2 Kd3 51. Re3+ Kd2 52. Kb3 Kd1 53. Kc3 1-0

[Event "Santander SUB 1800"]
[Site "Santander"]
[Date "2013.05.18"]
[Round "1.7"]
[White "Morales Guerrero, Andres Felipe"]
[Black "Quintero Rueda, Elizabeth"]
[Result "1-0"]
[WhiteElo "1679"]
[BlackElo "1456"]
[PlyCount "105"]
[EventDate "2013.05.18"]
[EventType "swiss"]
[EventRounds "7"]
[EventCountry "COL"]
[SourceTitle "EXT 2024"]
[Source "ChessBase"]
[SourceDate "2023.10.10"]
[SourceVersion "1"]
[SourceVersionDate "2023.10.10"]
[SourceQuality "1"]

1. e4 e5 2. Nf3 Nc6 3. Bb5 Nf6 4. 0-0 Bc5 5. Re1 0-0 6. c3 Re8 7. d4 Bb6 8. Bg5 a6 9. Bxc6 dxc6 10. dxe5 Qxd1 11. Rxd1 Nxe4 12. Bh4 Bg4 13. b4 h6 14. Re1 Bxf3 15. gxf3 Ng5 16. Kg2 a5 17. f4 Ne6 18. Re4 c5 19. Nd2 cxb4 20. cxb4 Nd4 21. Nc4 Nc2 22. Nxb6 Nxa1 23. Nxa8 Rxa8 24. b5 Nc2 25. Rc4 Nb4 26. a3 Nd5 27. Kf3 Rc8 28. Rc5 c6 29. bxc6 bxc6 30. Rxa5 Kf8 31. Kg4 c5 32. f3 Ne3+ 33. Kh3 c4 34. Bf2 Nf5 35. Rc5 Rxc5 36. Bxc5+ Ke8 37. Bb4 Nd4 38. Kg2 Nc2 39. Kf2 Nxb4 40. axb4 Kd7 41. Ke3 Kc6 42. Kd4 Kb5 43. Kc3 g6 44. h3 g5 45. f5 h5 46. e6 fxe6 47. f6 e5 48. f7 g4 49. hxg4 h4 50. f8Q h3 51. Qc5+ Ka6 52. Qxe5 Kb6 53. Qh2 1-0

[Event "Santander op"]
[Site "Santander"]
[Date "2011.12.19"]
[Round "5"]
[White "Aguirre Reyes, Jorge Alberto"]
[Black "Morales Guerrero, Andres Felipe"]
[Result "1-0"]
[WhiteElo "1546"]
[BlackElo "1600"]
[PlyCount "63"]
[EventDate "2011.12.17"]
[EventType "swiss"]
[EventRounds "9"]
[EventCountry "COL"]
[SourceTitle "CBM 146 Extra"]
[Source "ChessBase"]
[SourceDate "2012.02.29"]
[SourceVersion "1"]
[SourceVersionDate "2012.02.29"]
[SourceQuality "1"]

1. d4 d5 2. c4 c6 3. Nf3 Nf6 4. Nc3 e6 5. e3 Be7 6. Bd3 0-0 7. 0-0 b6 8. a3 c5 9. Qc2 Bb7 10. cxd5 Bxd5 11. e4 Bb7 12. e5 Bxf3 13. exf6 Bxf6 14. Bxh7+ Kh8 15. Be4 Bxe4 16. Nxe4 Bxd4 17. Qe2 Kg8 18. Qh5 f6 19. Rd1 Nc6 20. Be3 Qe7 21. Bxd4 Nxd4 22. Rac1 Qf7 23. Qh4 Ne2+ 24. Kf1 Nxc1 25. Rxc1 Rad8 26. Rc3 g5 27. Rg3 e5 28. Nxg5 Rd1+ 29. Ke2 Qd7 30. Nh7+ Kf7 31. Qxf6+ Ke8 32. Qxf8# 1-0